[Event "St Petersburg Korchnoi Memorial op"]
[Site "St Petersburg"]
[Date "2023.08.24"]
[Round "9"]
[White "Suleymanov, Askhab"]
[Black "Marchenko, Daria1111"]
[Result "1-0"]
[WhiteElo "1260"]
[BlackElo "1219"]
[PlyCount "120"]
[EventDate "2023.08.18"]
[EventType "swiss"]
[EventRounds "9"]
[EventCountry "RUS"]
[SourceTitle "EXT 2024"]
[Source "ChessBase"]
[SourceDate "2023.10.10"]
[SourceVersion "1"]
[SourceVersionDate "2023.10.10"]
[SourceQuality "1"]

1. e4 d6 2. d4 Nf6 3. Nc3 g6 4. Bg5 Bg7 5. e5 dxe5 6. dxe5 Ng4 7. Qxd8+ Kxd8 8. 0-0-0+ Bd7 9. e6 fxe6 10. Nh3 Nc6 11. Bc4 Ke8 12. Nb5 Rc8 13. Rxd7 Kxd7 14. Rd1+ Ke8 15. Bxe6 Be5 16. Bxc8 Nf6 17. f4 Bd6 18. Nxd6+ cxd6 19. Bxb7 Nd8 20. Bf3 Nd7 21. Rd3 Nc5 22. Ra3 a6 23. Be2 h6 24. Bh4 Rh7 25. Bxa6 Nde6 26. b4 Nxa6 27. Rxa6 Nxf4 28. Nxf4 g5 29. Bg3 gxf4 30. Bxf4 e5 31. Bg3 Rd7 32. b5 Rb7 33. a4 Kd7 34. Rc6 h5 35. Rc3 e4 36. Rc6 Ra7 37. Rxd6+ Kc8 38. Ra6 Re7 39. Kd2 e3+ 40. Ke2 Re4 41. b6 Kb7 42. Ra5 Kxb6 43. Rb5+ Ka6 44. Rxh5 Rxa4 45. Kxe3 Ra3+ 46. Kd2 Kb6 47. Bf2+ Kc6 48. Be3 Ra8 49. g4 Rd8+ 50. Ke2 Kd6 51. Rf5 Ke6 52. h4 Rc8 53. Bc5 Rh8 54. h5 Rg8 55. Kf3 Rh8 56. Bd4 Rh7 57. Rf6+ Ke7 58. h6 Kd7 59. g5 Ke7 60. g6 Rxh6 1-0

[Event "Wch U10"]
[Site "Batumi"]
[Date "2022.09.18"]
[Round "3"]
[White "Botiraliev, Abdumajid"]
[Black "Suleymanov, Askhab"]
[Result "1-0"]
[WhiteElo "1762"]
[BlackElo "1245"]
[PlyCount "35"]
[EventDate "2022.09.16"]
[EventType "swiss"]
[EventRounds "11"]
[EventCountry "GEO"]
[SourceTitle "EXT 2023"]
[Source "ChessBase"]
[SourceDate "2022.10.05"]
[SourceVersion "1"]
[SourceVersionDate "2022.10.05"]
[SourceQuality "1"]

1. e4 e5 2. Nf3 Nc6 3. Bc4 Bc5 4. c3 Nf6 5. d3 0-0 6. Bb3 d5 7. Qe2 Bg4 8. Nbd2 Kh8 9. h3 Bh5 10. Nf1 dxe4 11. dxe4 Qe7 12. g4 Bg6 13. Ng3 Rad8 14. Bg5 Rd6 15. Nh4 Qd7 16. Nhf5 Bxf5 17. Nxf5 h6 18. Nxd6 1-0